Amy Tan : a critical companion /

Bibliographic Details
Main Author: Huntley, E. D.
Format: Book
Language:English
Published: Westport, Conn. : Greenwood Press, 1998.
Series:Critical companions to popular contemporary writers.
Subjects:

MARC

Tag First Indicator Second Indicator Subfields
LEADER 00000cam a2200000 a 4500
001 in00001441721
005 20151020155724.0
008 971223s1998 ctu b 001 0 eng d
010 |a  97053225  
020 |a 0313302073 (alk. paper) 
035 |a (OCoLC)38150378 
035 |9 AJB9499AM 
040 |a DLC  |c DLC  |d TXA  |d UtOrBLW 
043 |a n-us---  |a a-cc--- 
049 |a TXAM 
050 0 0 |a PS3570.A48  |b Z69 1998 
082 0 0 |a 813/.54  |2 21 
100 1 |a Huntley, E. D. 
245 1 0 |a Amy Tan :  |b a critical companion /  |c E.D. Huntley. 
264 1 |a Westport, Conn. :  |b Greenwood Press,  |c 1998. 
300 |a xiv, 165 pages ;  |c 25 cm. 
336 |a text  |b txt  |2 rdacontent 
337 |a unmediated  |b n  |2 rdamedia 
338 |a volume  |b nc  |2 rdacarrier 
490 1 |a Critical companions to popular contemporary writers,  |x 1082-4979 
504 |a Includes bibliographical references (pages [151]-159) and index. 
600 1 0 |a Tan, Amy  |x Criticism and interpretation. 
650 0 |a Women and literature  |z United States  |x History  |y 20th century. 
650 0 |a Chinese American women in literature. 
650 0 |a Chinese Americans in literature. 
830 0 |a Critical companions to popular contemporary writers.  |x 1082-4979 
948 |a c:ktn 
999 |a MARS 
999 f f |s 7a821ba4-c04e-3053-8904-f1012dfe44a0  |i 99b12a62-aca6-3b92-b2d3-776289a7e6cb  |t 0 
952 f f |p normal  |a Texas A&M University  |b College Station  |c Sterling C. Evans Library  |d Evans: Library Stacks  |t 0  |e PS3570.A48 Z69 1998  |h Library of Congress classification  |i unmediated -- volume  |m A14822319854 
998 f f |a PS3570.A48 Z69 1998  |t 0  |l Evans: Library Stacks